Vnitřní dimenze veřejné diplomacie Evropské unie - strategie, aktéři, nástroje

Základná charakteristika systému verejnej diplomacie. Nástroje verejnej diplomacie. Vnútorné dimenzie verejnej diplomacie EÚ. Kľúčoví aktéri.

Saved in:
Bibliographic Details
Main Author: Peterková, Jana
Format: Book Chapter
Language:Czech
Subjects:
Tags: Add Tag
No Tags, Be the first to tag this record!

MARC

LEADER 00000naa a2200000 4500
001 0240039
005 20221019105354.6
041 0 |a cze 
044 |a CZ 
245 1 0 |a Vnitřní dimenze veřejné diplomacie Evropské unie - strategie, aktéři, nástroje  |c Jana Peterková 
520 |a Základná charakteristika systému verejnej diplomacie. Nástroje verejnej diplomacie. Vnútorné dimenzie verejnej diplomacie EÚ. Kľúčoví aktéri. 
610 2 0 |a diplomacia 
610 2 0 |a Európska únia 
610 2 0 |a komunikácia 
610 2 0 |a vzťahy medzinárodné 
100 1 |a Peterková, Jana